The contaminated land regime - impacts on the property industry and estate management issues (Record no. 85414)
[ view plain ]
| 000 -LEADER | |
|---|---|
| fixed length control field | 01392cam a2200301 4500 |
| 008 - FIXED-LENGTH DATA ELEMENTS--GENERAL INFORMATION | |
| fixed length control field | 010726n2001 000 0 eng u |
| 020 ## - INTERNATIONAL STANDARD BOOK NUMBER | |
| International Standard Book Number | 1899769099 |
| 035 ## - SYSTEM CONTROL NUMBER | |
| System control number | (Sirsi) u113788 |
| 050 ## - LIBRARY OF CONGRESS CALL NUMBER | |
| Classification number | 333.73 |
| -- | 18 |
| 100 ## - MAIN ENTRY--PERSONAL NAME | |
| Personal name | Wilbourn, Philip |
| 245 #4 - TITLE STATEMENT | |
| Title | The contaminated land regime - impacts on the property industry and estate management issues |
| Remainder of title | a CPD study pack |
| 260 ## - PUBLICATION, DISTRIBUTION, ETC. | |
| Place of publication, distribution, etc. | Oxford |
| Name of publisher, distributor, etc. | College of Estate Management |
| Date of publication, distribution, etc. | 2001 |
| 300 ## - PHYSICAL DESCRIPTION | |
| Extent | 44p. |
| Dimensions | 30cm. + 1 audio cassette (ca. 60 min.) |
| 350 ## - PRICE (NR) (BK AM CF MU VM SE) [OBSOLETE] | |
| Price | 46.00 |
| 490 ## - SERIES STATEMENT | |
| Series statement | College of Estate Management CPD Study Pack |
| 520 ## - SUMMARY, ETC. | |
| Summary, etc. | Defines contaminated land and outlines the role of the local authorities in determining whether land is in fact contaminated. Looks at who is an 'appropriate person', liable for the remediation of contaminated land, and possible exemptions. Considers the impact on the practitioner and the wider estate management issues. |
| 520 ## - SUMMARY, ETC. | |
| Summary, etc. | Accompanied by the Owlion Audio Tape "Contaminated land: the issues" (E09665), which is available to borrow separately. |
| 520 ## - SUMMARY, ETC. | |
| Summary, etc. | Superseded by 2004 edition (ISBN 1904388221). |
| 650 ## - SUBJECT ADDED ENTRY--TOPICAL TERM | |
| Topical term or geographic name entry element | APPROPRIATE PERSON |
| 650 ## - SUBJECT ADDED ENTRY--TOPICAL TERM | |
| Topical term or geographic name entry element | BROWNFIELD LAND |
| 650 ## - SUBJECT ADDED ENTRY--TOPICAL TERM | |
| Topical term or geographic name entry element | BROWNFIELD SITES |
| 650 ## - SUBJECT ADDED ENTRY--TOPICAL TERM | |
| Topical term or geographic name entry element | CONTAMINATED LAND |
| 650 ## - SUBJECT ADDED ENTRY--TOPICAL TERM | |
| Topical term or geographic name entry element | CONTAMINATED LAND REGIME |
| 650 ## - SUBJECT ADDED ENTRY--TOPICAL TERM | |
| Topical term or geographic name entry element | Contamination |
| 9 (RLIN) | 6231 |
| 650 ## - SUBJECT ADDED ENTRY--TOPICAL TERM | |
| Topical term or geographic name entry element | REMEDIATION |
| 690 ## - LOCAL SUBJECT ADDED ENTRY--TOPICAL TERM (OCLC, RLIN) | |
| Topical term or geographic name as entry element | ENVIRONMENT-CONTAMINATION |
| 942 ## - ADDED ENTRY ELEMENTS (KOHA) | |
| Suppress in OPAC | 0 |
| Withdrawn status | Lost status | Source of classification or shelving scheme | Damaged status | Not for loan | Home library | Current library | Shelving location | Date acquired | Cost, normal purchase price | Total Checkouts | Full call number | Barcode | Date last seen | Date last checked out | Copy number | Cost, replacement price | Price effective from | Koha item type |
|---|---|---|---|---|---|---|---|---|---|---|---|---|---|---|---|---|---|---|
| Dewey Decimal Classification | London | London | Basement | 01/08/2001 | 39.10 | 37 | SHELF 330 | 30064752 | 06/08/2019 | 28/03/2006 | 1 | 39.10 | 06/08/2019 | Audio |